| 000 | 00000nam##2200000za#4500 |
| 001 | 9.590380 |
| 003 | CaOODSP |
| 005 | 20210624200110 |
| 007 | cr ||||||||||| |
| 008 | 150406|2013||||xxc|||||o f|0| 0 fre|d |
| 020 | |a978-1-100-54880-7 |
| 040 | |aCaOODSP|bfre |
| 041 | |aeng |
| 041 | |afre |
| 043 | |an-cn--- |
| 086 | 1 |aFR4-2013/33-PDF |
| 110 | 1 |aCanada.|bAffaires étrangères, Commerce et Développement Canada. |
| 245 | 10|aSerbie / Imposition : |h[ressource électronique]|bConvention entre le Canada et la République de Serbie en vue d'éviter les doubles impositions en matière d'impôts sur le revenu et sur la fortune, fait à Belgrade le 27 avril 2012, en vigueur : le 31 octobre 2013 |
| 260 | |aOttawa - Ontario : |bAffaires étrangères, Commerce et Développement Canada |cc2014. |
| 300 | |a52p. |
| 490 | 1 |aRecueil des traités|v2013/33 |
| 590 | |a15-10|b2015-03-06 |
| 791 | |tSerbia / Taxation : |eeng|w(CaOODSP)9.590379 |
| 830 | #0|aRecueil des traités ;|v2013/33|w(CaOODSP)9.500662 |
| 856 | 40|ahttp://publications.gc.ca|qPDF|s510 Ko|uhttps://publications.gc.ca/collections/collection_2015/maecd-dfatd/FR4-2013-33.pdf|y2013/33 |